Top 100 Transferts les plus chers de l'histoire - Statistiques

Statistiques générales
  • Ce quiz a été pris 54 fois
  • Le résultat moyen est 61 sur 100
Statistiques - réponses
Montant du
transfert(M€)
Saison Nationalité Club Origine Club d'arrivée Joueur % Correct
222 17/18 Brésil FC Barcelone PSG Neymar
100%
90 23/24 Brésil PSG Al-Hilal Neymar
100%
88 13/14 Brésil Santos FC Barcelone Neymar
100%
180 18/19 France AS Monaco PSG Kylian Mbappé
98%
117 18/19 Portugal Real Madrid Juventus Cristiano Ronaldo
88%
94 09/10 Portugal Manchester United Real Madrid Cristiano Ronaldo
88%
148 17/18 France Borussia Dortmund FC Barcelone Ousmane Dembélé
88%
120 19/20 France Atlético Madrid FC Barcelone Antoine Griezmann
81%
105 16/17 France Juventus Manchester United Paul Pogba
81%
145 25/26 Suéde Newcastle Liverpool Alexander Isak
77%
77,5 22/23 Suède Real Sociedad Newcastle Alexander Isak
77%
120,8 19/20 Belgique Chelsea Real Madrid Eden Hazard
77%
95 25/26 France Eintracht Francfort Liverpool Hugo Ekitike
77%
101 13/14 Pays de Galles Tottenham Real Madrid Gareth Bale
75%
127 23/24 Angleterre Borussia Dortmund Real Madrid Jude Bellingham
75%
81,72 14/15 Uruguay Liverpool FC Barcelone Luis Suarez
75%
113 21/22 Belgique Inter Milan Chelsea Romelu Lukaku
75%
84,7 17/18 Belgique Everton Manchester United Romelu Lukaku
75%
74 19/20 Belgique Manchester United Inter Milan Romelu Lukaku
75%
116,6 23/24 Angleterre West Ham Arsenal Declan Rice
73%
125 25/26 Allemagne Bayer Leverkusen Liverpool Florian Wirtz
73%
95 23/24 Angleterre Tottenham Bayern Munich Harry Kane
73%
127,2 19/20 Portugal Benfica Atlético Madrid Joao Félix
73%
77,5 01/02 France Juventus Real Madrid Zinédine Zidane
73%
121 22/23 Argentine Benfica Chelsea Enzo Fernandez
71%
117,5 21/22 Angleterre Aston Villa Manchester City Jack Grealish
71%
85 21/22 Angleterre Borussia Dortmund Manchester United Jadon Sancho
71%
135 17/18 Brésil Liverpool FC Barcelone Philippe Coutinho
71%
86 19/20 Pays Bas Ajax Amsterdam FC Barcelone Frenkie de Jong
69%
75 14/15 Argentine Real Madrid Manchester United Angel Di Maria
67%
63 15/16 Argentine Manchester United PSG Angel Di Maria
67%
95 22/23 Brésil Ajax Amsterdam Manchester United Antony
67%
95 23/24 France Eintracht Francfort PSG Randal Kolo Muani
67%
80 22/23 France AS Monaco Real Madrid Aurélien Tchouaméni
65%
90 16/17 Argentine SSC Naples Juventus Gonzalo Higuain
65%
87 19/20 Angleterre Leicester City Manchester United Harry Maguire
65%
100 20/21 Allemagne Bayer Leverkusen Chelsea Kai Havertz
65%
75 23/24 Allemagne Chelsea Arsenal Kai Havertz
65%
80 19/20 Côte d'Ivoire LOSC Lille Arsenal Nicolas Pépé
65%
84,65 17/18 Pays Bas Southampton Liverpool Van Dijk
65%
78,9 20/21 Nigéria Lille LOSC SSC Naples Victor Osimhen
65%
75 25/26 Nigéria SSC Naples Galatasaray Victor Osimhen
65%
85 22/23 Uruguay Benfica Liverpool Darwin Nunez
63%
67,8 18/19 Algérie Leicester City Manchester City Riyad Mahrez
63%
72 18/19 France AS Monaco Atlético Madrid Thomas Lemar
63%
69,5 09/10 Suède Inter Milan FC Barcelone Zlatan Ibrahimovic
63%
70,65 22/23 Brésil Real Madrid Manchester United Casemiro
60%
90 23/24 Croatie RB Leipzig Manchester City Josko Gvardiol
60%
76 15/16 Belgique Wolfsburg Manchester City Kévin De Bruyne
60%
70 25/26 Colombie Liverpool Bayern Munich Luis Diaz
60%
85,5 19/20 Pays Bas Ajax Amsterdam Juventus Matthijs de Ligt
60%
67 22/23 Pays Bas Juventus Bayern Munich Matthijs de Ligt
60%
68 21/22 Maroc Inter Milan PSG Achraf Hakimi
58%
83,5 21/22 Serbie Fiorentina Juventus Dusan Vlahovic
58%
64,5 13/14 Uruguay SSC Naples PSG Edinson Cavani
58%
80 19/20 France Atlético Madrid Bayern Munich Lucas Hernandez
58%
116 23/24 Equateur Brighton Chelsea Moises Caicedo
58%
70 19/20 Rodri Atletico Madrid Manchester City Rodri
58%
80,4 22/23 France Leicester City Chelsea Wesley Fofana
58%
72,5 18/19 Brésil AS Roma Liverpool Alisson
56%
75 14/15 Colombie AS Monaco Real Madrid James Rodriguez
56%
75 24/25 Argentine Manchester City Atletico Madrid Julian Alvarez
56%
67 09/10 Brésil AC Milan Real Madrid Kaka
56%
75 24/25 Egypte Eintracht Francfort Manchester City Omar Marmoush
56%
71,6 20/21 Portugal Benfica Manchester City Ruben Dias
56%
75 25/26 Cameroun Brentford Manchester United Bryan Mbeumo
54%
65,92 24/25 Portugal Benfica PSG Joao Neves
54%
77,8 23/24 Danemark Atalanta Bergame Manchester United Rasmus Hojlund
54%
76,5 25/26 Slovène RB Leipzig Manchester United Benjamin Sesko
52%
65 23/24 Portugal Benfica PSG Gonçalo Ramos
52%
75 25/26 Allemagne VfB Stuttgart Newcastle Nick Woltemade
52%
66,9 25/26 Suède Sporting Portugal Arsenal Viktor Gyokeres
52%
72 25/26 Ghana AFC Bournemouth Manchester City Antoine Semenyo
50%
70 24/25 Géorgie SSC Naples PSG Khvicha Kvaratskhelia
50%
74,2 25/26 Brésil Wolverhampton Manchester United Matheus Cunha
50%
65 19/20 Portugal Sporting Portugal Manchester United Bruno Fernandes
48%
70 23/24 Hongrie RB Leipzig Liverpool Dominik Szoboszlai
48%
69,3 25/26 Angleterre Crystal Palace Arsenal Eberechi Eze
48%
70 25/26 Espagne Real Sociedad Arsenal Martin Zubimendi
48%
67,7 23/24 Angleterre Chelsea Manchester United Mason Mount
48%
65 25/26 Pays Bas RB Leipzig Tottenham Xavi Simons
48%
66 17/18 Espagne Real Madrid Chelsea Alvaro Morata
46%
65,3 22/23 Espagne Brighton Chelsea Marc Cucurella
46%
63,75 17/18 Gabon Borussia Dortmund Arsenal Pierre-Emerick Aubameyang
46%
80,6 20/21 Brésil FC Barcelone Juventus Arthur Melo
44%
77 24/25 Colombie Aston Villa Al-Nasser Jhon Duran
44%
65 19/20 Portugal Juventus Manchester City Joao Cancelo
44%
80 18/19 Espagne Athletic Bilbao Chelsea Kepa
42%
65 17/18 Espagne Athletic Bilbao Manchester City Aymeric Laporte
40%
64 18/19 Etats-Unis Borussia Dortmund Chelsea Christian Pulisic
40%
62,5 25/26 Espagne AFC Bornemouth Real Madrid Dean Huijsen
40%
63,7 15/16 Angleterre Liverpool Manchester City Raheem Sterling
40%
63 19/20 Serbie Eintracht Francfort Real Madrid Luka Jovic
38%
63,8 25/26 Ghana West Ham Tottenham Mohammed Kudus
38%
63,6 26/27 France Stade Rennais Liverpool Jérémy Jacquet
35%
63,7 25/26 Brésil Brighton Chelsea Joao Pedro
35%
70 22/23 Ukraine Shakhtar Donetsk Chelsea Mykhaylo Mudryk
35%
63 25/26 Ukraine AFC Bornemouth PSG Ilya Zabarnyi
33%
64,3 24/25 Angleterre AFC Bournemouth Tottenham Dominic Solanke
29%
68,25 25/26 Italie Atalanta Bergame Al-Qadsiah Mateo Retegui
27%
Aucun quiz correspondant
Distribution des résultats
% des personnes avec chaque résultat
Percentile par nombre de réponses
Votre historique - résultats
Vous n’avez pas pris ce quiz